You can hear the voice of God / (Record no. 2680)

MARC details
000 -LEADER
fixed length control field 00930cam a2200265 a 4500
001 - CONTROL NUMBER
control field 13026540
003 - CONTROL NUMBER IDENTIFIER
control field GBCCL
005 - DATE AND TIME OF LATEST TRANSACTION
control field 20241126110436.0
008 - FIXED-LENGTH DATA ELEMENTS--GENERAL INFORMATION
fixed length control field 021210r20031993miu 000 0 eng
010 ## -
-- 2002041520
020 ## - INTERNATIONAL STANDARD BOOK NUMBER
International Standard Book Number 1852401338
040 ## - CATALOGING SOURCE
Original cataloging agency DLC
Transcribing agency DLC
Modifying agency DLC
050 00 -
-- BV4509.5
-- .S25 2003
082 00 - DEWEY DECIMAL CLASSIFICATION NUMBER
Classification number 248.4
Edition information 21
Item number SAM
100 1# - MAIN ENTRY--PERSONAL NAME
Personal name Sampson, Steve,
Dates associated with a name 1948-
9 (RLIN) 5645
245 10 - TITLE STATEMENT
Title You can hear the voice of God /
Statement of responsibility, etc. Steve Sampson.
260 ## - PUBLICATION, DISTRIBUTION, ETC.
Place of publication, distribution, etc. England :
Name of publisher, distributor, etc. Sovereign world,
Date of publication, distribution, etc. 1993.
300 ## - PHYSICAL DESCRIPTION
Extent 127 p. ;
Dimensions 22 cm.
500 ## - GENERAL NOTE
General note Originally published: Tonbridge Kent, England : Sovereign World Ltd., c1993.
650 #0 - SUBJECT ADDED ENTRY--TOPICAL TERM
Topical term or geographic name entry element Spiritual life
General subdivision Christianity.
9 (RLIN) 549
650 #0 - SUBJECT ADDED ENTRY--TOPICAL TERM
Topical term or geographic name entry element Hearing
General subdivision Religious aspects
-- Christianity.
9 (RLIN) 5646
906 ## - LOCAL DATA ELEMENT F, LDF (RLIN)
a 7
b cbc
c orignew
d 1
e ocip
f 20
g y-gencatlg
942 ## - ADDED ENTRY ELEMENTS (KOHA)
Source of classification or shelving scheme Dewey Decimal Classification
Koha item type Books
Koha issues (borrowed), all copies 1
Holdings
Withdrawn status Lost status Source of classification or shelving scheme Damaged status Not for loan Home library Current Library Shelving location Date acquired Total checkouts Full call number Barcode Date last seen Date last checked out Copy number Price effective from Koha item type
    Dewey Decimal Classification     GRACE BIBLE COLLEGE GRACE BIBLE COLLEGE Ministry & Mission 2017-09-12 1 248.4 SAM 008826 2025-05-01 2023-12-15 c.1 2017-09-12 Books
© Grace Bible College Library 2025